Návrat do Rothschildovy aleje / Stefanie Zweig ; [z německého originálu ... přeložila Blanka Pscheidtová]
Record details
- ISBN: 978-80-7222-853-9
- Physical Description: 286 s. ; 21 cm
- Publisher: [Líbeznice] : Víkend, 2012
Search for related items by subject
| Subject: | Židé > Německo > 20. století Židé > perzekuce > 1933-1945 Jews > Germany > 20th century Jews > persecutions > 1933-1945 |
| Genre: | německé romány German fiction |
Available copies
- 1 of 1 copy available at Common Catalog SPOK.
Holds
- 0 current holds with 1 total copy.
Show Only Available Copies
| Location | Call Number / Copy Notes | Barcode | Shelving Location | Status | Due Date |
|---|---|---|---|---|---|
| The Jewish community of Prague | K 3017 | 4638300400 | K - Beletrie | Available | - |
| LDR | 01453cam a2200433 a 4500 | ||
|---|---|---|---|
| 001 | 52546 | ||
| 003 | CZ-PrJAB | ||
| 005 | 20130404171404.0 | ||
| 007 | ta | ||
| 008 | 121011s2012 xr g 000 f cze d | ||
| 015 | . | ‡acnb002414939 | |
| 020 | . | ‡a978-80-7222-853-9 ‡q(váz.) | |
| 035 | . | ‡a(CZ PrNK)nkc20122414939 | |
| 035 | . | ‡a(OCoLC)837501788 | |
| 040 | . | ‡aULG001 ‡bcze ‡dOLA001 | |
| 041 | 1 | . | ‡acze ‡hger |
| 043 | . | ‡ae-gx--- | |
| 045 | . | ‡ax3x4 | |
| 072 | 7. | ‡a821.112.2-3 ‡xNěmecká próza, německy psaná ‡2Konspekt ‡925 | |
| 080 | . | ‡a821.112.2-31 ‡2MRF | |
| 080 | . | ‡a(=411.16) ‡2MRF | |
| 080 | . | ‡a323.28 ‡2MRF | |
| 080 | . | ‡a(430) ‡2MRF | |
| 080 | . | ‡a(0:82-31) ‡2MRF | |
| 100 | 1 | . | ‡aZweig, Stefanie, ‡d1932-2014 ‡7xx0010278 ‡4aut |
| 245 | 1 | 0. | ‡aNávrat do Rothschildovy aleje / ‡cStefanie Zweig ; [z německého originálu ... přeložila Blanka Pscheidtová] |
| 260 | . | ‡a[Líbeznice] : ‡bVíkend, ‡c2012 | |
| 300 | . | ‡a286 s. ; ‡c21 cm | |
| 648 | 7. | ‡a20. století ‡7ch460558 ‡2czenas | |
| 648 | 7. | ‡a1933-1945 ‡7ch500562 ‡2czenas | |
| 650 | 0 | 7. | ‡aŽidé ‡7ph127782 ‡zNěmecko ‡y20. století ‡2czenas |
| 650 | 0 | 7. | ‡aŽidé ‡7ph127782 ‡xperzekuce ‡y1933-1945 ‡2czenas |
| 650 | 0 | 9. | ‡aJews ‡zGermany ‡y20th century ‡2eczenas |
| 650 | 0 | 9. | ‡aJews ‡zpersecutions ‡y1933-1945 ‡2eczenas |
| 655 | 7. | ‡aněmecké romány ‡7fd132945 ‡2czenas | |
| 655 | 9. | ‡aGerman fiction ‡2eczenas | |
| 765 | 0 | . | ‡tHeimkehr in die Rothschildallee ‡9Česky |
| 910 | . | ‡aABE461 | |
| 995 | . | ‡aska | |
| 901 | . | ‡a52546 ‡bAUTOGEN ‡c52546 ‡tbiblio | |